书目信息 |
| 题名: |
摄影与摄像基础教程
|
|
| 作者: | 余武 编著 | |
| 分册: | ||
| 出版信息: | 北京 人民出版社 2019 |
|
| 页数: | 164页 | |
| 开本: | 26cm | |
| 丛书名: | ||
| 单 册: | ||
| 中图分类: | J4 , TB8 | |
| 科图分类: | ||
| 主题词: | 摄影技术--高等学校--教材 | |
| 电子资源: | ||
| ISBN: | 978-7-115-23856-6 | |
| 000 | 00758nam0 2200253 45 | |
| 001 | 012001011970 | |
| 005 | 20141123141405.0 | |
| 010 | @a978-7-115-23856-6@dCNY28.00 | |
| 100 | @a20101126d2010 em y0chiy0110 ea | |
| 101 | 0 | @achi |
| 102 | @aCN@b110000 | |
| 105 | @aa j 000yy | |
| 106 | @ar | |
| 200 | 1 | @a摄影与摄像基础教程@f余武编著 |
| 210 | @a北京@c人民出版社@d2019 | |
| 215 | @a164页@c图@d26cm | |
| 300 | @a21世纪高等院校数字艺术类规划教材 | |
| 330 | @a本书分5章,内容包括绪论-摄影与摄像的作用;影像拍摄技术基础;影像拍摄艺术基础;主题影像拍摄实践;优秀摄影作品欣赏。 | |
| 606 | 0 | @a摄影技术@x高等学校@j教材 |
| 690 | @aJ4@v4 | |
| 690 | @aTB8@v4 | |
| 701 | 0 | @a余武@4编著 |
| 801 | 0 | @aCN@b上海新华@c20191020 |
| 905 | @b1184744-7@dJ4@e411@f4 | |
| 摄影与摄像基础教程/余武编著.-北京:人民出版社,2019 |
| 164页:图;26cm |
| 21世纪高等院校数字艺术类规划教材 |
| ISBN 978-7-115-23856-6:CNY28.00 |
| 本书分5章,内容包括绪论-摄影与摄像的作用;影像拍摄技术基础;影像拍摄艺术基础;主题影像拍摄实践;优秀摄影作品欣赏。 |
| ● |
| 相关链接 |
|
|
|
|
正题名:摄影与摄像基础教程
索取号:J4/411
 
预约/预借
| 序号 | 登录号 | 条形码 | 馆藏地/架位号 | 状态 | 备注 |
| 1 | 1184744 | 211847448 | 第一样本阅览室/ [索取号:J4/411] | 在馆 | |
| 2 | 1184745 | 211847457 | 第一借阅区/ [索取号:J4/411] | 在馆 | |
| 3 | 1184746 | 211847466 | 第一借阅区/ [索取号:J4/411] | 在馆 | |
| 4 | 1184747 | 211847475 | 第一借阅区/ [索取号:J4/411] | 在馆 |